| LEADER |
00765nas0a2200229 450 |
| 001 |
16868202 |
| 011 |
|
|
|b Br.
|d 4,4
|
| 100 |
|
|
|a 20260407d2023 u u0frey01 ba
|
| 101 |
1 |
|
|a fre
|c fre
|
| 102 |
|
|
|a FR
|
| 110 |
0 |
|
|a afu 0uu0
|
| 200 |
0 |
|
|a Notre Temps [ 677 ]
|f Georges Sanerot
|
| 207 |
|
1 |
|a 677
|
| 210 |
|
|
|a Paris
|b 3 Rue Bayard.
|c Bayard Presse
|d 2023
|
| 215 |
|
|
|a 1 vol. (154 p.)
|c couv. ill. coul. ; ill. coul.
|d 26x20 cm
|
| 464 |
|
|
|a Arthrose cervicale, stop à la douleur !
|
| 464 |
|
|
|a La marche japonaise, on l'adopte !
|
| 464 |
|
|
|a Résidence sénior, le bon choix pour qui ?
|
| 676 |
|
|
|a 070.17
|
| 900 |
|
|
|a Revues et magazines
|
| 901 |
|
|
|a Adultes
|
| 995 |
|
|
|a Médiathèque
|c Médiathèque
|f 089021827
|h 089021827
|k 070.17 NOT 677
|o p
|q a
|r az
|e Médiathèque
|